| 000 -ლიდერი |
| ფიქსირებული სიგრძის საკონტროლო ველი |
01497nam a22002417a 4500 |
| 003 - საკონტროლო ნომრის იდენტიფიკატორი |
| საკონტროლო ველი |
Ge_BSU |
| 005 - ბოლო ოპერაციის თარიღი და დრო |
| საკონტროლო ველი |
20190918104719.0 |
| 008 - ფიქსირებული სიგრძის მონაცემთა ელემენტები - ზოგადი ინფორმაცია |
| ფიქსირებული სიგრძის საკონტროლო ველი |
190918b2014 ge ||||| |||| 00| 0 geo d |
| 020 ## - წიგნის საერთაშორისო სტანდარტული ნომერი |
| International Standard Book Number |
9789941937217 |
| 041 ## - ენის კოდი |
| Language code of text/sound track or separate title |
geo |
| 080 ## - უნივერსალური ათობითი კლასიფიკაციის ინდექსი |
| Universal Decimal Classification number |
821.222.1.09-84 შ-95 |
| 100 ## - მთავარი ჩანაწერი - პიროვნების სახელი |
| Personal name |
შურღაია, თეა |
| 9 (RLIN) |
4075 |
| 245 ## - ცნობა სათაურის შესახებ |
| Title |
ლევინ ვარნერი და მისი ”ასი სპარსული ანდაზა და სენტენცია” = Levin Warner and his A Hundred persian proverbs and aphorisms / |
| Statement of responsibility, etc |
თეა შურღაია ; რედ : ნიკოლოზ ნახუცრიშვილი. |
| 264 ## - წარმოების, გამოცემის, დისტრიბუციის და სხვა ცნობები |
| გამოცემის, წარმოების, დისტრიბუციის... ადგილი |
თბილისი : |
| გამოცემის, წარმოების, დისტრიბუციის... სახელწოდება |
ქართული აკადემიური წიგნი, |
| გამოცემის, წარმოების, დისტრიბუციის... თარიღი |
2014. |
| 300 ## - ფიზიკური აღწერა |
| Extent |
160 გვ.: |
| Other physical details |
პირთა საძიებელი : გვ. 155-159. |
| Dimensions |
20 სმ. |
| 504 ## - BIBLIOGRAPHY, ETC. NOTE |
| Bibliography, etc |
ბიბლიოგრ. : გვ. 152-154. |
| 520 ## - SUMMARY, ETC. |
| Summary, etc |
რეზ. ინგლ. ენ. |
| 653 ## - INDEX TERM--UNCONTROLLED |
| Uncontrolled term |
სპარსული ანდაზები -- კომენტარები |
| 653 ## - INDEX TERM--UNCONTROLLED |
| Uncontrolled term |
ლიტერატურა |
| 700 ## - ADDED ENTRY--PERSONAL NAME |
| Personal name |
ნახუცრიშვილი , ნიკოლოზ |
| Relator term |
რედაქტორი |
| 9 (RLIN) |
3951 |
| 710 ## - ADDED ENTRY--CORPORATE NAME |
| Relator term |
ივანე ჯავახიშვილის სახ. თბილისის სახელმწ. უნ-ტი, აღმოსავლეთმცოდნეობის ინ-ტი. |
| 9 (RLIN) |
4076 |
| 942 ## - ADDED ENTRY ELEMENTS (KOHA) |
| Source of classification or shelving scheme |
|
| Koha item type |
წიგნი |